Mud volcanoes, geodynamics and seismicity

Αποθηκεύτηκε σε:
Λεπτομέρειες βιβλιογραφικής εγγραφής
Άλλοι συγγραφείς: Martinelli, Giovanni (Επιμελητής έκδοσης), Panahi, Behrouz (Επιμελητής έκδοσης)
Μορφή: Βιβλίο
Γλώσσα:English
Δημοσίευση: Dordrecht : Springer, 2005
Σειρά:NATO science series. Earth and environmental sciences ; ; 51
Θέματα:
Ετικέτες: Προσθήκη ετικέτας
Δεν υπάρχουν, Καταχωρήστε ετικέτα πρώτοι!

MARC

LEADER 00000nam a2200000 i 4500
001 1/74927
008 080219s2005 eng d
020 |a 1-4020-3203-X 
035 |l 10094785 
040 |a GR-MY-UA  |b gre  |e aacr 
041 0 |a eng 
082 0 |a 551.21  |2 (22) 
245 1 0 |a Mud volcanoes, geodynamics and seismicity /  |c edited by Giovanni Martinelli, Behrouz Panahi 
260 |a Dordrecht :   |b Springer,   |c 2005 
300 |a xxii, 288 σ.;  |b πίν., διαγρ., σχ.;  |c 24 εκ.  
490 1 |a NATO science series. Earth and environmental sciences   |v ; 51 
504 |a Περιέχει βιβλιογραφικές αναφορές και ευρετήριο 
650 0 0 |a Mud volcanoes. 
650 0 0 |a Seismology. 
650 0 0 |a Geodynamics. 
700 1 |a Martinelli, Giovanni.  |4 edt 
700 1 |a Panahi, Behrouz.  |4 edt 
830 0 |a NATO science series.   |n Seriev IV,   |p Earth and environmental sciences ;  |v ; 51 
852 |a INST  |b LESVOS  |e 20080219  |h 551.21 MUD  |p 005100040666  |q 005100040666  |t BK  |y 0 
901 |a BIBL1-2008-1 
909 |a Λ  |b 145739 
922 |a 1ΕΛΗ  |b 200802  |c ΕΠΕΑΕΚ2/ΤΕΘ  |d ΕΛΕΥΘΕΡΟΥΔΑΚΗΣ 
970 |a ΧΑΤΖΗΜΙΧΑΗΛ  |b ΜΑΡΙΑ  |z 2008/02/19